The sick Rose (Record no. 57443)

MARC details
000 -LEADER
fixed length control field 00495nam a2200145 a 4500
008 - FIXED-LENGTH DATA ELEMENTS--GENERAL INFORMATION
fixed length control field 131001s2011 ||||||||||||||||| || u
020 ## - INTERNATIONAL STANDARD BOOK NUMBER
International Standard Book Number 9781444703856
050 ## - LIBRARY OF CONGRESS CALL NUMBER
Classification number PR 6111 .E498 S53
100 ## - MAIN ENTRY--PERSONAL NAME
Personal name Kelly, Erin
245 14 - TITLE STATEMENT
Title The sick Rose
Statement of responsibility, etc. by Erin Kelly
260 ## - PUBLICATION, DISTRIBUTION, ETC.
Place of publication, distribution, etc. London:
Name of publisher, distributor, etc. Hodder and Stoughton
Date of publication, distribution, etc. 2011
300 ## - PHYSICAL DESCRIPTION
Extent 342p.
650 ## - SUBJECT ADDED ENTRY--TOPICAL TERM
Topical term or geographic name entry element ENGLISH LANGUAGE
995 ## - RECOMMENDATION 995 [LOCAL, UNIMARC FRANCE]
-- CBU-MAIN LIBRARY (Kitwe)
-- 1
-- AVAILABLE
-- Oct 31, 2013
-- Fiction Collection
Holdings
Withdrawn status Lost status Source of classification or shelving scheme Damaged status Not for loan Home library Current library Shelving location Date acquired Total Checkouts Full call number Barcode Date due Date last seen Date last checked out Price effective from Koha item type
          CBU-MAIN LIBRARY, KITWE. CBU-MAIN LIBRARY, KITWE.   11/30/2022 3 PR 6111 .E498 S53 744615 06/25/2026 06/11/2026 06/11/2026 11/30/2022 MONOGRAPH